|
|
|
|
| LEADER |
01524nam a2200397 a 4500 |
| 001 |
EBC818132 |
| 003 |
MiAaPQ |
| 005 |
20200520144314.0 |
| 006 |
m o d | |
| 007 |
cr cn||||||||| |
| 008 |
120103s2012 njua sb 001 0 eng d |
| 010 |
|
|
|z 2011050801
|
| 020 |
|
|
|z 9781118171905
|
| 020 |
|
|
|a 9781118226827 (electronic bk.)
|
| 035 |
|
|
|a (MiAaPQ)EBC818132
|
| 035 |
|
|
|a (Au-PeEL)EBL818132
|
| 035 |
|
|
|a (CaPaEBR)ebr10540965
|
| 035 |
|
|
|a (CaONFJC)MIL361956
|
| 035 |
|
|
|a (OCoLC)770696954
|
| 040 |
|
|
|a MiAaPQ
|c MiAaPQ
|d MiAaPQ
|
| 050 |
|
4 |
|a HG4529.5
|b .M35 2012
|
| 082 |
0 |
4 |
|a 332.6
|2 23
|
| 100 |
1 |
|
|a McIntosh, Timothy J.
|
| 245 |
1 |
4 |
|a The sector strategist
|h [electronic resource] :
|b using new asset allocation techniques to reduce risk and improve investment returns /
|c Timothy J. McIntosh.
|
| 260 |
|
|
|a Hoboken, N.J. :
|b John Wiley & Sons,
|c c2012.
|
| 300 |
|
|
|a v, 218 p. :
|b ill.
|
| 490 |
1 |
|
|a Wiley finance
|
| 504 |
|
|
|a Includes bibliographical references and index.
|
| 505 |
0 |
|
|a The return dilemna -- Sector allocations -- The healthcare sector -- The energy sector.
|
| 533 |
|
|
|a Electronic reproduction. Ann Arbor, MI : ProQuest, 2015. Available via World Wide Web. Access may be limited to ProQuest affiliated libraries.
|
| 650 |
|
0 |
|a Portfolio management.
|
| 650 |
|
0 |
|a Investments.
|
| 655 |
|
4 |
|a Electronic books.
|
| 710 |
2 |
|
|a ProQuest (Firm)
|
| 830 |
|
0 |
|a Wiley finance series.
|
| 856 |
4 |
0 |
|u https://ebookcentral.proquest.com/lib/matrademy/detail.action?docID=818132
|z Click to View
|